000 00442nam a2200145Ia 4500
008 100204s9999 xx 000 0 und d
082 _b13534
100 _aकाशिकर एस्. एम्.
245 _aमॉडेल गर्ल
260 _b"अमोल प्रकाशन, पुणे"
_c1990
300 _a171
630 _aमॉडेल गर्ल
730 _aमॉडेल गर्ल
942 _cBOOK
999 _c457966
_d457963